00457nam a2200169Ia 4500003000900000008004100009020001800050040001600068080001600084100001900100245005500119260004000174300001600214650001600230650001900246700002200265IN-BaIIA211028s9999 xx 000 0 eng d a0-471-99639-4 cIIA Library a621.38bCAL aCalvert, J. M. 0aElectronicscJ. M. Calvert and M. A. H. McCausland aChichesterbJohn Wiley & Sonsc1978 axxii, 615p. aElectronics aNASA thesaurus aMcCausland, A. H.